000 00996nam0a22003251 4500
001 v19\rc\2066637
005 20251118181620.3
035 _a(NLR Aleph) 005142478
090 _a4817166
_c4817166
100 _a20081111d1917 u y0rusy50 ca
101 1 _arus
_ceng
102 _aRU
105 _ay z |||||
200 1 _aЕвропейское равновесие
_fПер. с англ. С. Левина
210 _aПетроград
_cВойна и мир
_d1917
215 _a32 с.
_d21
225 1 _aБиблиотека иностранной политики
_fПод ред. В. Майского
_v№ 1
702 1 _aЛевин
_bС.
_4730
801 0 _aRU
_bNLR
_gpsbo
801 0 _aRU
_bRuMoRGB
_2psbo
801 1 _aRU
_bProSoft-M
_2rusmarc
852 _aNLR
_j61-4/16588
899 _aRuMoRGB
_jO 11/367
899 _aRuMoRGB
_jU 394/923
899 _aRuMoRGB
_jS 44/1068
899 _aГПИБ
899 _aНБ МГУ
899 _aRuMoRGB
_jT 88/865
942 _cBOOK
980 _aNB